GDP Effect on B2C E-commerce Turnover and Number of Express Shipments in Selected European Post-Communist Countries

Článok poskytuje komplexný pohľad na vzájomnú závislosť medzi úrovňou ekonomickej zrelosti (hrubý domáci produkt HDP) na obyvateľa v ukazovateli PPS (štandard kúpnej sily), vývojom elektronického obchodu (ukazovateľ B2C) a počtu expresných dodávok. Na základe identifikácie vplyvu medzi vyššie uveden...

ver descrição completa

Na minha lista:
Detalhes bibliográficos
Autor principal: Novotná, Michaela
Outros Autores: Gottwald, Dalibor, Švadlenka, Libor
Formato: Capítulo de Livro
Idioma:inglês
Assuntos:
Tags: Adicionar Tag
Sem tags, seja o primeiro a adicionar uma tag!

MARC

LEADER 00000naa a2200000 4500
001 0278623
005 20210921131334.3
041 0 |a eng 
044 |a SK 
245 1 0 |a GDP Effect on B2C E-commerce Turnover and Number of Express Shipments in Selected European Post-Communist Countries  |c Michaela Novotná, Dalibor Gottwald, Libor Švadlenka 
520 |a Článok poskytuje komplexný pohľad na vzájomnú závislosť medzi úrovňou ekonomickej zrelosti (hrubý domáci produkt HDP) na obyvateľa v ukazovateli PPS (štandard kúpnej sily), vývojom elektronického obchodu (ukazovateľ B2C) a počtu expresných dodávok. Na základe identifikácie vplyvu medzi vyššie uvedenými ukazovateľmi bude možné prijať určité opatrenia na podporu rozvoja trhu elektronického obchodu. 
610 2 0 |a obchod elektronický 
610 2 0 |a dodávky 
610 2 0 |a produkt národný hrubý 
610 2 0 |a trhy 
610 2 0 |a ukazovatele 
100 1 |a Novotná, Michaela 
700 1 |a Gottwald, Dalibor 
700 1 |a Švadlenka, Libor